000 00819nam a22002533 4500
001 76317
003 BD-RjUL
005 20211209082827.0
008 191125s1948 enk 000 0 eng d
035 _a(BD-RjUL)76538
040 _aEQO
_cEQO
_beng
041 _aeng
082 _223
_a668.62
_bCOC 1948
100 1 _aCollings, Gilbeart H.
_q(Gilbeart Hooper),
_d1895-1964
_9235366
245 1 0 _aCommercial fertilizers, their sources and use. /
_cby Gilbeart H. Collings
250 _a4th ed.
260 _aPhiladelphia , Torondo :
_c1948.
_bThe Blakiston co. ,
300 _a522 p. :
_bill. ,
_c23 cm
490 1 _aBlakiston books on agriculture
650 _a Fertilizers.
_9235367
830 0 _aBlakiston books on agriculture
_9235370
942 _2ddc
_cBK
999 _c76317
_d76317